इच्छा / (Record no. 117084)

MARC details
000 -LEADER
fixed length control field 01007nam a22002777a 4500
003 - CONTROL NUMBER IDENTIFIER
control field dpl
005 - DATE AND TIME OF LATEST TRANSACTION
control field 20190404130913.0
008 - FIXED-LENGTH DATA ELEMENTS--GENERAL INFORMATION
fixed length control field 190404b ||||| |||| 00| 0 eng d
010 ## - LIBRARY OF CONGRESS CONTROL NUMBER
LC control number A-963987
020 ## - INTERNATIONAL STANDARD BOOK NUMBER
Terms of availability 150.00
International Standard Book Number 8185829829
035 ## - SYSTEM CONTROL NUMBER
System control number A-963987, A-964014
037 ## - SOURCE OF ACQUISITION
Source of stock number/acquisition Cen Lib/Ret
040 ## - CATALOGING SOURCE
Original cataloging agency DPL
Language of cataloging HN
Transcribing agency 0
082 ## - DEWEY DECIMAL CLASSIFICATION NUMBER
Classification number
Item number अटला
100 ## - MAIN ENTRY--PERSONAL NAME
Personal name अटलानी, भगवान
9 (RLIN) 69981
245 ## - TITLE STATEMENT
Title इच्छा /
Statement of responsibility, etc भगवान अटलानी
246 ## - VARYING FORM OF TITLE
Title proper/short title Ichcha /
Remainder of title by Bhagwan Atlani
260 ## - PUBLICATION, DISTRIBUTION, ETC. (IMPRINT)
Place of publication, distribution, etc दिल्ली
Name of publisher, distributor, etc ज्ञान गंगा
Date of publication, distribution, etc 1999
270 ## - ADDRESS
City दिल्ली
Address 205-सी चावड़ी बाजार
Postal code 110006
300 ## - PHYSICAL DESCRIPTION
Extent 147पृ.
Dimensions 20सेमी(सजिल्द)
650 ## - SUBJECT ADDED ENTRY--TOPICAL TERM
Topical term or geographic name as entry element हिन्दी साहित्य
9 (RLIN) 69982
650 ## - SUBJECT ADDED ENTRY--TOPICAL TERM
Topical term or geographic name as entry element हिन्दी -- कहानियाँ
9 (RLIN) 69983
650 ## - SUBJECT ADDED ENTRY--TOPICAL TERM
Topical term or geographic name as entry element Hindi literature
9 (RLIN) 69984
650 ## - SUBJECT ADDED ENTRY--TOPICAL TERM
Topical term or geographic name as entry element Hindi -- Stories
9 (RLIN) 69985
942 ## - ADDED ENTRY ELEMENTS (KOHA)
Source of classification or shelving scheme Dewey Decimal Classification
Koha item type Hindi Books
Classification part
Call number suffix अटला
Holdings
Withdrawn status Lost status Damaged status Not for loan Home library Current library Date acquired Source of acquisition Cost, normal purchase price Total Checkouts Full call number Barcode Date last seen Copy number Cost, replacement price Price effective from Koha item type Source of classification or shelving scheme Collection code
Written off       Central Library Central Library 26/08/2015 Cen Lib/Ret 150.00   क अटला A-963987 26/08/2015 1 150.00 26/08/2015 Hindi Books    
        Sarojini Nagar Sarojini Nagar 07/03/2019       क अटला A-964022 07/03/2019     07/03/2019 Hindi Books Dewey Decimal Classification Fiction
        Shahdara Branch Shahdara Branch 04/04/2019 BPPD/PUB 150.00   क अटला A-964014 04/04/2019   150.00 04/04/2019 Hindi Books Dewey Decimal Classification Fiction

© Delhi Public Library
Hit Counter
free hit counter